000 00286nam a22001217a 4500
082 _a174
_bWAL/B
100 _aH.K.WALIA
245 _aBUSINESS STUDIES FOR CLASS XII
260 _aDELHI
_bFULL MARKS PVT LTD
300 _a540
650 _aBUSINESS STUDIES FOR CLASS XII
_zINDIA
942 _cBK
999 _c598
_d598